Online Catalogue and eLibrary

Agamathini Sirimawo Bandaranayaka (Record no. 1825)

MARC details
000 -LEADER
fixed length control field 00404nam a2200145Ia 4500
005 - DATE AND TIME OF LATEST TRANSACTION
control field 20250526015900.0
008 - FIXED-LENGTH DATA ELEMENTS--GENERAL INFORMATION
fixed length control field 240331s9999 xx 000 0 und d
082 ## - DDC Classification
Item Number - Author Mark DEM
Class No. 305
100 ## - MAIN ENTRY--PERSONAL NAME
Personal name De Mel, K
245 #0 - TITLE STATEMENT
Title Agamathini Sirimawo Bandaranayaka
260 ## - PUBLICATION, DISTRIBUTION, ETC.
Place of publication, distribution, etc. Sri Lanka
Name of publisher, distributor, etc. Sakithiya prakashaka samaja
Date of publication, distribution, etc. 1960
300 ## - PHYSICAL DESCRIPTION
Extent (e.g. Volumes, Pages etc.) 112 p .,
500 ## - GENERAL NOTE
General note A book on prime minister Sirimavo Bandaranayake
942 ## - Koha item type (Biblio)
Koha item type Books in Stacks (Lending)
Holdings
Lost status Damaged status Collection code Home library Current library Shelving location Date acquired Full call number Accession Number Item type
    Lending WERC Library WERC Library Social Science Cupboard 03/31/2024 305.409 DEM 1299 Books in Stacks (Lending)

© WERC Library